[Event "GER-chT Christmas U20"]
[Site "Playchess.com INT"]
[Date "2020.12.29"]
[Round "1.1"]
[White "Runte, Moritz"]
[Black "Weidner, Markus"]
[Result "1-0"]
[WhiteElo "2133"]
[BlackElo "1667"]
[PlyCount "41"]
[EventDate "2020.12.29"]
[EventType "team-swiss (blitz)"]
[EventRounds "7"]
[EventCountry "GER"]
[SourceTitle "CBM 200 Extra"]
[Source "ChessBase"]
[SourceDate "2021.03.31"]
[SourceVersion "1"]
[SourceVersionDate "2021.03.31"]
[SourceQuality "1"]
[WhiteTeam "Hemer"]
[BlackTeam "Dresden Striesen"]
[WhiteTeamCountry "GER"]
[BlackTeamCountry "GER"]

1. e4 c5 2. Nf3 Nc6 3. d4 cxd4 4. Nxd4 Nf6 5. Nc3 e6 6. Nxc6 bxc6 7. Bd3 Bb4 8. 0-0 h6 9. Bd2 d5 10. e5 Nd7 11. Qg4 Bxc3 12. bxc3 g5 13. Rae1 f5 14. Qh5+ Kf8 15. Bxf5 exf5 16. e6 Qe7 17. exd7 Qxd7 18. Bxg5 Rh7 19. Bxh6+ Kg8 20. Re8+ Qxe8 21. Qxe8# 1-0

[Event "GER-chT Christmas U20"]
[Site "Playchess.com INT"]
[Date "2020.12.29"]
[Round "4.1"]
[White "Weidner, Markus"]
[Black "Ruff, Korbinian"]
[Result "1-0"]
[WhiteElo "1667"]
[BlackElo "1469"]
[PlyCount "95"]
[EventDate "2020.12.29"]
[EventType "team-swiss (blitz)"]
[EventRounds "7"]
[EventCountry "GER"]
[SourceTitle "CBM 200 Extra"]
[Source "ChessBase"]
[SourceDate "2021.03.31"]
[SourceVersion "1"]
[SourceVersionDate "2021.03.31"]
[SourceQuality "1"]
[WhiteTeam "Dresden Striesen"]
[BlackTeam "Aschheim/Feldkirchen/Kirchheim II"]
[WhiteTeamCountry "GER"]
[BlackTeamCountry "GER"]

1. e4 c5 2. Nf3 e6 3. d4 cxd4 4. Nxd4 a6 5. c4 Qc7 6. Nc3 Nf6 7. Bd3 Be7 8. 0-0 0-0 9. b3 Nc6 10. Nxc6 bxc6 11. Bb2 d5 12. exd5 cxd5 13. cxd5 Nxd5 14. Be4 Nxc3 15. Bxc3 Bb7 16. Bxb7 Qxb7 17. Qg4 g6 18. Rfd1 Rad8 19. Rd4 Rd5 20. Rad1 Rfd8 21. h3 Rxd4 22. Rxd4 Rxd4 23. Qxd4 f6 24. Qc4 Kf7 25. a4 Qb6 26. b4 Bd6 27. Qh4 Bf8 28. Qxf6+ Ke8 29. Qh8 Qd8 30. b5 Qd1+ 31. Kh2 Qxa4 32. bxa6 Qxa6 33. Bg7 Qd6+ 34. Be5 Qc5 35. f3 Kd7 36. Qxh7+ Kc6 37. Qc7+ Kd5 38. Qxc5+ Kxc5 39. Kg3 Kd5 40. Bb2 e5 41. Kg4 Be7 42. h4 Bf6 43. h5 gxh5+ 44. Kxh5 Ke6 45. Kg4 Kf7 46. Kf5 Kg7 47. Bxe5 Bxe5 48. Kxe5 1-0